Detalles MARC
| 000 -CABECERA |
| campo de control de longitud fija |
02315nam a2200385 a 4500 |
| 001 - NÚMERO DE CONTROL |
| campo de control |
000000549 |
| 003 - IDENTIFICADOR DEL NÚMERO DE CONTROL |
| campo de control |
OSt |
| 005 - FECHA Y HORA DE LA ÚLTIMA TRANSACCIÓN |
| campo de control |
20260508101529.0 |
| 007 - CAMPO FIJO DE DESCRIPCIÓN FÍSICA--INFORMACIÓN GENERAL |
| campo de control de longitud fija |
ta |
| 008 - DATOS DE LONGITUD FIJA--INFORMACIÓN GENERAL |
| campo de control de longitud fija |
081127s1999 dr ad 000 0 spa d |
| 020 ## - NÚMERO INTERNACIONAL ESTÁNDAR DEL LIBRO |
| Número Internacional Estándar del Libro |
8489525595 |
| 020 ## - NÚMERO INTERNACIONAL ESTÁNDAR DEL LIBRO |
| Número Internacional Estándar del Libro |
9788489525597 |
| 040 ## - FUENTE DE LA CATALOGACIÓN |
| Centro catalogador/agencia de origen |
DO-SdBPM |
| Lengua de catalogación |
spa |
| Centro/agencia transcriptor |
BPMSU |
| Centro/agencia modificador |
rda |
| 082 04 - NÚMERO DE LA CLASIFICACIÓN DECIMAL DEWEY |
| Número de clasificación |
155.2842 |
| Número de documento/Ítem |
B674t 1999 |
| Número de edición |
22 |
| 100 1# - ENTRADA PRINCIPAL--NOMBRE DE PERSONA |
| Nombre de persona |
Bogaert García, Huberto, |
| Fechas asociadas al nombre |
1953- |
| Código de función/relación |
aut. |
| Término indicativo de función/relación |
autor |
| 245 13 - MENCIÓN DE TÍTULO |
| Título |
La transferencia : |
| Resto del título |
una investigación clínica con el test de Rorschach / |
| Mención de responsabilidad, etc. |
Huberto Bogaert García. |
| 264 ## - PRODUCCIÓN, PUBLICACIÓN, DISTRIBUCIÓN, FABRICACIÓN Y COPYRIGHT |
| Producción, publicación, distribución, fabricación y copyright |
Santo Domingo : |
| Nombre del de productor, editor, distribuidor, fabricante |
INTEC, |
| Fecha de producción, publicación, distribución, fabricación o copyright |
1999. |
| 300 ## - DESCRIPCIÓN FÍSICA |
| Extensión |
171 páginas : |
| Otras características físicas |
ilustración ., gráficos ; |
| Dimensiones |
21 cm. |
| 336 ## - TIPO DE CONTENIDO |
| Término de tipo de contenido |
texto |
| Código de tipo de contenido |
txt |
| Fuente |
rdacontent |
| 337 ## - TIPO DE MEDIO |
| Nombre/término del tipo de medio |
sin mediación |
| Código del tipo de medio |
n |
| Fuente |
rdamedia |
| 338 ## - TIPO DE SOPORTE |
| Nombre/término del tipo de soporte |
volumen |
| Código del tipo de soporte |
nc |
| Fuente |
rdacarrier |
| 500 ## - NOTA GENERAL |
| Nota general |
Incluye datos biográficos del autor en la solapa de la cubierta |
| 500 ## - NOTA GENERAL |
| Nota general |
Incluye referencias bibliográficas y notas al pie de las páginas |
| 505 0# - NOTA DE CONTENIDO CON FORMATO |
| Nota de contenido con formato |
Introducción -- Psicoanálisis y transferencia: 1. La demanda clínica -- 2. La situación analítica -- 3. La regla fundamental -- 4. La transferencia -- 4.1 Transferencia y repetición -- 4.2 Transferencia positiva y negativa -- 4.3 Transferencia y resistencia -- 4.4 Transferencia y neurosis -- 4.5 Transferencia y sugestión -- 4.6 Transferencia, objeto a y sujeto-supuesto-saber -- 4.7 Transferencia e interpretación -- 4.7.1 Transferencia y sueño -- 4.7.2 Manejo de la transferencia -- 4.7.3 Interpretación de la transferencia -- 4.7.4 Resolución de la transferencia -- 5. La neutralidad del análisis -- 6. La atención parejamente flotante y la comunicación de inconsciente -- 7. La contra transferencia -- Transferencia y respuesta de movimiento humano: 1. Consideraciones preliminares -- 2. Hipótesis -- 3. Diseño y metodología de la investigación -- 3.1 Muestra -- 3.2 Variables -- 4. Resultados de la investigación -- 5. Interpretación de los resultados -- 6. Conclusión. |
| 590 ## - NOTA LOCAL (RLIN) |
| Nota local |
Inventariado, 2026/VM |
| 650 #7 - PUNTO DE ACCESO ADICIONAL DE MATERIA--TÉRMINO DE MATERIA |
| Término de materia o nombre geográfico como elemento de entrada |
Prueba de Rorschach |
| 650 #7 - PUNTO DE ACCESO ADICIONAL DE MATERIA--TÉRMINO DE MATERIA |
| Término de materia o nombre geográfico como elemento de entrada |
Pruebas de la personalidad |
| 650 #7 - PUNTO DE ACCESO ADICIONAL DE MATERIA--TÉRMINO DE MATERIA |
| Término de materia o nombre geográfico como elemento de entrada |
Psicodiagnóstico |
| 710 2# - PUNTO DE ACCESO ADICIONAL--NOMBRE DE ENTIDAD CORPORATIVA |
| Nombre de entidad corporativa o nombre de jurisdicción como elemento de entrada |
Instituto Tecnológico de Santo Domingo |
| 710 z# - PUNTO DE ACCESO ADICIONAL--NOMBRE DE ENTIDAD CORPORATIVA |
| Nombre de entidad corporativa o nombre de jurisdicción como elemento de entrada |
INTEC |
| 710 z# - PUNTO DE ACCESO ADICIONAL--NOMBRE DE ENTIDAD CORPORATIVA |
| Nombre de entidad corporativa o nombre de jurisdicción como elemento de entrada |
I.N.T.E.C. |
| 710 z# - PUNTO DE ACCESO ADICIONAL--NOMBRE DE ENTIDAD CORPORATIVA |
| Nombre de entidad corporativa o nombre de jurisdicción como elemento de entrada |
Instituto Tecnológico Santo Domingo |
| 910 ## - DATOS DE OPCIÓN DEL USUARIO (OCLC) |
| Datos de opción del usuario |
VMateo V. Control de calidad. BPMSU |
| 942 ## - ELEMENTOS DE PUNTO DE ACCESO ADICIONAL (KOHA) |
| Fuente del sistema de clasificación o colocación |
Dewey Decimal Classification |
| Tipo de ítem Koha |
Libros |